000 01171cam a2200157 4500500
005 20260208010236.0
041 _afre
042 _adc
100 1 0 _aTernon, Yves
_eauthor
245 0 0 _aPenser, classer, exclure. Origine du racisme biologique
260 _c2005.
500 _a64
520 _aBiological racism is a result of a match between a concept diverted from its original meaning – race –, and a science – biology. In the 19th century, from one stage to the other – transformism, evolutionism, genetics – biology deals with the living. The classification of humans according to races precedes a racist drifting, which takes form in the social Darwinism calling for the process of elimination of the inferior races. Grafting racism on biology, which initiates a process of exclusion of individuals or human groups, takes place in Europe during four decades (from 1870 to 1910) : eugenism in England and in France, racial hygiene in Germany.
786 0 _nRevue d’Histoire de la Shoah | 183 | 2 | 2005-10-19 | p. 17-47 | 2111-885X
856 4 1 _uhttps://shs.cairn.info/revue-d-histoire-de-la-shoah-2005-2-page-17?lang=fr&redirect-ssocas=7080
999 _c1655709
_d1655709